LEADER 01386cam0-22004211i-450 001 990003082650403321 005 20241010101130.0 100 $a20030910d1963----km-y0itay50------ba 101 1 $aita$cfre 102 $aIT 105 $ay-------001yy 200 1 $a<>forme elementari della vita religiosa$fEmile Durkheim$gintroduzione di Remo Cantoni$hTraduzione dal francese di Claudio Cividali 205 $a2. ed 210 $aMilano$cEdizioni di Comunitŕ$d1963 215 $aXLV, 503 p.$d25 cm 225 1 $aClassici della sociologia 454 0$12001$a<>formes élémentaires de la vie religieuse$94236555 610 0 $aRELIGIONI PRIMITIVE$aSociologia 676 $a301$v21$zita 676 $a306.6$v21$zita 700 1$aDurkheim,$bÉmile$f<1858-1917>$0422265 701 1$aCantoni,$bRemo$0123653 702 $aCividali,$bClaudio 801 0$aIT$bUNINA$gRICA$2UNIMARC 901 $aBK 912 $a990003082650403321 952 $a13510 DUR$b041020$fSES 952 $aXI N 435 (7)$b82246$fFGBC 952 $a301.093 EDCO 02$bST.FIL. 2219$fFLFBC 952 $a301 DUR 4 (BIS)$bBibl. 37150$fNAP03 952 $a301.093 EDCO 05$bs.i.$fFLFBC 952 $aDAM C55 DURE 04$b2024/7241$fFLFBC 959 $aSES 959 $aFGBC 959 $aFLFBC 959 $aNAP03 996 $aFormes élémentaires de la vie religieuse$94236555 997 $aUNINA